Paroles Conduire en Angleterre-Calogero - Statistiques

Statistiques générales
  • Ce quiz a été pris 69 fois
  • Le résultat moyen est 196 sur 244
Statistiques - réponses
Réponse % Correct
à
100%
Angleterre
100%
conduire
100%
de
100%
De
100%
en
100%
je
96%
Je
96%
la
96%
le
96%
ma
96%
Gauche
93%
gauche
93%
mon
93%
que
93%
veux
93%
est
91%
Sous
91%
sous
91%
Un
91%
un
91%
Au
89%
des
89%
les
89%
sa
89%
une
89%
son
87%
me
84%
monde
84%
pas
84%
pour
84%
suis
84%
C'est
82%
c'est
82%
l'envers
82%
main
82%
Terre
82%
ne
80%
autre
78%
Mes
78%
mes
78%
père
78%
avec
76%
croire
76%
Demander
76%
droitière
76%
et
76%
Et
76%
manche
76%
porte
76%
vis
76%
Dans
73%
Depuis
73%
hémisphère
73%
jamais
73%
plus
73%
si
73%
Tous
73%
très
73%
dimanche
71%
gauchère
71%
j'ai
71%
vois
71%
ai
69%
Coude
69%
coude
69%
parapluie
69%
passer
69%
table
69%
vert
69%
Boire
67%
L'embrasser
67%
Lui
67%
Mais
67%
moche
67%
mots
67%
quand
67%
restent
67%
revers
67%
thé
67%
blanches
64%
collés
64%
côté
64%
écrire
64%
l'autre
64%
chansons
62%
deux
62%
mains
62%
pages
62%
cet
60%
cochère
60%
écolier
60%
étrange
60%
gauches
60%
J'en
60%
poche
60%
confortable
58%
d'ma
58%
penchent
58%
revolver
58%
inadapté
56%
endroit
53%
propres
53%
phalanges
51%
r'change
51%
sers
51%
dessins
49%
Flâner
49%
d'habilité
47%
blazer
44%
ciseaux
44%
théières
44%
cousins
42%
Jaguar
42%
n'ont
42%
coupé
40%
rêvais
40%
n'trouve
38%
Chez
36%
d'Hofner
22%
Aucun quiz correspondant
Distribution des résultats
% des personnes avec chaque résultat
Percentile par nombre de réponses
Votre historique - résultats
Vous n’avez pas pris ce quiz